Sports Quiz

Random Sports or Clickable Quiz

Heisman Trophy Winners Quiz Stats

 Plays Quiz not verified by Sporcle

Support Sporcle.
Go Orange.
Score 0/77 Timer 14:00
0 Plays Today
Year Name % Correct
1963???
71.6%
1968???
70.5%
2010???
70.5%
1935???
68.2%
2007???
67%
2011???
65.9%
1966???
64.8%
1987???
64.8%
1988???
64.8%
1974???
63.6%
1975???
62.5%
1985???
62.5%
1982???
61.4%
1984???
61.4%
2002???
61.4%
1970???
60.2%
1976???
60.2%
1981???
60.2%
2004???
60.2%
1977???
59.1%
2008???
59.1%
1986???
58%
1997???
58%
1999???
58%
1989???
56.8%
1990???
56.8%
1991???
56.8%
1993???
56.8%
1995???
56.8%
1983???
55.7%
2000???
55.7%
2006???
55.7%
1956???
54.5%
1998???
54.5%
1992???
53.4%
1978???
52.3%
1980???
51.1%
2001???
51.1%
2003???
50%
Year Name % Correct
1959???
47.7%
1940???
46.6%
1996???
45.5%
1946???
44.3%
1948???
44.3%
1957???
44.3%
1945???
43.2%
1972???
43.2%
1979???
43.2%
1994???
43.2%
1965???
39.8%
1969???
39.8%
1939???
38.6%
1971???
38.6%
1973???
35.2%
1943???
34.1%
1962???
34.1%
1964???
34.1%
1936???
31.8%
1954???
31.8%
1955???
30.7%
1960???
30.7%
2012???
30.7%
1937???
29.5%
1958???
29.5%
1967???
29.5%
1941???
28.4%
1949???
28.4%
1952???
27.3%
1953???
27.3%
1938???
26.1%
1944???
26.1%
1950???
26.1%
1942???
25%
1961???
23.9%
2009???
23.9%
1947???
22.7%
1951???
22.7%

You're not logged in!

Compare scores with friends on all Sporcle quizzes.
OR
Log In

From the Vault

'G' Named Bands & Musicians

by prockstar83

Musicians always look so sharp-dressed.
Remove Ads.
Support Sporcle.
Get the best of Sporcle when you Go Orange. This ad-free experience offers more features, more stats, and more fun while also helping to support Sporcle. Thank you for becoming a member.

Show Comments

Extras

Top Quizzes Today


Score Distribution

Your Account Isn't Verified!

In order to create a playlist on Sporcle, you need to verify the email address you used during registration. Go to your Sporcle Settings to finish the process.

Report this User

Report this user for behavior that violates our Community Guidelines.

Details: